| 000 | 00375nam a2200157Ia 4500 | ||
|---|---|---|---|
| 008 | 230524s9999 xx 000 0 und d | ||
| 082 |
_a621.402 _bKUL |
||
| 100 | _aS.K.Kulshrestha | ||
| 245 | 0 | _aThermal Engineering | |
| 250 | _a2ND | ||
| 260 |
_aNEW DELHI _bVikas _c1998 |
||
| 300 | _aXX;26.21 | ||
| 500 | _aQuantity Number: 2 | ||
| 650 | _aThermodynamics | ||
| 942 | _cBK | ||
| 999 |
_c26005 _d26005 |
||